000 00879nam a22002531u 4500
001 06038
003 HDC
007 cr bn ---aaaaa
008 210122p2010 | d 00 engg
040 _aHDC
100 _aHarvey, Ramon
_96334
245 0 _aCertification of Halal Meat in the UK a Project of the Azhar - Cambridge Programme 2010
_cRamon Harvey
260 _a[no place] :
_b[publisher not identified],
_c2010
300 _a 1 online resource (86 pages)
336 _atext
_2rdacontent
337 _acomputer
_2rdamedia
338 _aonline resource
_2rdacarrier
650 _aCertification
_94804
650 _aHalal meat
_91025
856 _zRequest full-text at [email protected]
942 _2lcc
942 _cEIS
942 _kREPT 000251
999 _c3362
_d3362